000 00271nam a2200109Ia 4500
008 200302s9999 xx 000 0 und d
100 _aSian Moxon
245 _aSustainability in interior design
260 _bLaurence King Publishing Ltd.,
260 _c2012
300 _a192
999 _c6287
_d6287